000
00285nam a22001097a 4500
082
_a
629.1323 PER'A
100
_a
HAGE, ROBERT E,PERKING, COURTLAND D
_9
77636
245
_a
AIRPLANE PRFORMANCE STABILITY AND CONTROL
260
_a
JAPAN
_b
JOHN WILEY
_c
1949
300
_a
493P
942
_c
BK
999
_c
582873
_d
582873